Statistiques concernant Mots qui commencent par A

Cliquez ici pour prendre le quiz!

Statistiques générales

  • Ce quiz a été pris 69 fois
    (53 depuis la dernière actualisation)
  • Le résultat moyen est 24 sur 233

Statistiques - réponses

Réponse% Correct
âme
48%
ami/amie/amis
46%
amour
46%
arbre
46%
avec
46%
avoir
46%
aller
42%
avion
40%
abricot
35%
âge/âgée
35%
aimer
35%
art
33%
âne
31%
ange
31%
avant
31%
année
29%
argent
29%
arme
29%
arriver
29%
alors
27%
animal/animaux
27%
appel
27%
apprendre
27%
après
27%
aube
27%
armoire
25%
attendre
25%
abeille
23%
accès
23%
acheter
23%
allumer
23%
amoureux/amoureuse
23%
araignée
23%
arrêt/arrêter
23%
accro
21%
adorer
21%
affaire
21%
affiche
21%
alligator
21%
amitié
21%
adverbe
19%
aéroport
19%
agent/agente
19%
amande
19%
assiette
19%
aujourd'hui
19%
auto
19%
avocat
19%
abandonner
17%
accord
17%
achat
17%
appeler
17%
asperge
17%
aubergine
17%
aussi
17%
autre/autres
17%
avis
17%
addition
15%
adjectif
15%
aide
15%
anniversaire
15%
apporter
15%
avenir
15%
abris
13%
action
13%
afficher
13%
agir
13%
agréable
13%
aider
13%
allumette
13%
aluminium
13%
août
13%
application
13%
arrière
13%
arroser
13%
aurore
13%
avril
13%
accepter
10%
accident
10%
accorder
10%
activité
10%
agenda
10%
amant/amante
10%
appareil
10%
appartement
10%
aquarium
10%
armée
10%
assoir
10%
accueil
8%
acquérir
8%
adresse
8%
agriculteur/agricultrice
8%
aliment
8%
alouette
8%
ambiance
8%
amical
8%
analyse
8%
ancêtre
8%
annonce
8%
annuler
8%
archive
8%
arrosoir
8%
auberge
8%
aucun/aucune
8%
audition
8%
aborder
6%
aboyer
6%
acteur/actrice
6%
actuellement
6%
administration
6%
adulte
6%
agence
6%
aimant
6%
alerte
6%
alléger
6%
allergie
6%
alphabet
6%
ambulancier/ambulancière
6%
amener
6%
amuser
6%
antilope
6%
applaudir
6%
appuyer
6%
architecte
6%
article
6%
auteur/auteure/autrice
6%
avertir
6%
abonnement
4%
abonner
4%
abreuvoir
4%
absence
4%
absorber
4%
accidenter
4%
addict
4%
adolescent/adolescente
4%
adversaire
4%
affection
4%
agriculture
4%
aise
4%
alimenter
4%
allonger
4%
ambulance
4%
améliorer
4%
anticiper
4%
apprécier
4%
aquarelle
4%
artifice
4%
artistique
4%
assassin
4%
assassiner
4%
astronaute
4%
astuce
4%
auditionner
4%
aussitôt
4%
autrement
4%
avaler
4%
averse
4%
avorter
4%
avouer
4%
abus
2%
acceptation
2%
accompagnement
2%
accompagner
2%
accouchement
2%
accoucher
2%
accueillir
2%
actualité
2%
addictif
2%
adieu
2%
administrateur/administratrice
2%
admiration
2%
adopter
2%
affecter
2%
alimentaire
2%
allongement
2%
amélioration
2%
aménager
2%
amusement
2%
annulation
2%
apercevoir
2%
apostrophe
2%
approfondir
2%
architecture
2%
arête
2%
artificiel/artificielle
2%
assaisonner
2%
assurance
2%
astrologie
2%
aubaine
2%
autisme/autiste
2%
autobus
2%
automne
2%
autonome
2%
autorisation
2%
autoriser
2%
autoroute
2%
avenue
2%
avertissement
2%
avortement
2%
abordable
0%
abuser
0%
accrédité
0%
acquisition
0%
adjoint/adjointe
0%
admirateur/admiratrice
0%
admissible
0%
adoption
0%
adversité
0%
alentour
0%
algèbre
0%
allocation
0%
amasser
0%
aménagement
0%
ameublement
0%
ameubler
0%
appréciation
0%
apprivoiser
0%
approche
0%
artisanant
0%
assembler
0%
assurer
0%
aucunement
0%
audio
0%
auditeur/auditrice
0%
aurevoir
0%
automobile
0%
autonomie
0%
autopsie
0%
avatar
0%
aveugle
0%
aveugler
0%
avoine
0%

Distribution des résultats

Percentile par nombre de réponses

% des personnes avec chaque résultat

Votre développement - résultats

Vous n’avez pas pris ce quiz depuis la dernière actualisation